000 01146cam a22002651i 4500
003 SA-RiAUC
005 20240930075251.0
008 240929s2012 le g 000 0 ara c
020 _a9786144140901
040 _aSA-JeALM
_bara
_cSA-RiAUC
_erda
082 0 4 _a263.5
_qSA-RiAUC
090 _a263.5
_bا ب ن ع
100 1 _aابن عطاء الله الإسكندري، أحمد بن محمد بن عبد الكريم،
_d658-709 هجري
_eمؤلف.
245 1 0 _aحكم ابن عطاء الله السكندري 658-709 هـ. /
_c إعداد أحمد محمد زروق ؛ اعتنى به ناجي السويد.
264 1 _aبيروت :
_bالمكتبة العصرية .
_c2011
300 _a292 صفحة
336 _aنص
_btxt
_2rdacontent
_3كتاب
337 _aبدون وسيط
_bn
_2rdamedia
338 _aمجلد
_bnc
_2rdacarrier
650 7 _aوحدة الوجود (تصوف إسلامي)
_2aucsh
700 1 _aزروق، أحمد بن أحمد بن محمد،
_d846-899 هجري
_eمعد.
700 1 _aالسويد، ناجي إبراهيم
_eمراجع.
942 _2ddc
_cBOOK
_n0
949 _aSA-JeALM
_d240929
_umohamedma123
_n1
999 _c667
_d667